[Event "Challenge"]
[Site "http://www.queenalice.com/game.php?id=1058125"]
[Date "2012.5.10"]
[Round "-"]
[White "jujuju"]
[Black "Horse"]
[Result "1-0"]
[WhiteElo "2043"]
[BlackElo "1600"]

1. d4 d5 2. c4 e5 3. dxe5 d4 4. Nf3 Nc6 5. e3 Bb4+ 6. Bd2 Nge7 7. Bxb4 Nxb4 8.
exd4 O-O 9. a3 Na6 10. Bd3 h6 11. Nc3 Nc6 12. d5 Nc5 13. Be2 Bf5 14. dxc6 Nd3+
15. Bxd3 Bxd3 16. cxb7 Rb8 17. Qb3 c6 18. O-O-O Qd7 19. Ne4 Rxb7 20. Rxd3 Qe7
21. Qa2 c5 22. Nd6 Rb6 23. Nf5 Qe6 24. g4 Rfb8 25. Rd6 Qc8 26. Ne7+ Kf8 27. Nxc8
Rxc8 28. Rxb6 axb6 29. Rd1 g5 30. Rd6 Ke7 31. Rxh6 Rd8 32. Rd6 Rh8 33. b4 Rh3
34. Rf6 Rxh2 35. Nxh2 1-0

[Event "On a Roll"]
[Site "http://www.queenalice.com/game.php?id=1059521"]
[Date "2012.5.14"]
[Round "-"]
[White "CzechMate"]
[Black "Horse"]
[Result "0-1"]
[WhiteElo "1100"]
[BlackElo "1526"]

1. e4 e5 2. Nf3 Nc6 3. Nc3 Nf6 4. d3 d6 5. Nd5 Nxd5 6. exd5 Nb4 7. c4 b5 8. a3
bxc4 9. axb4 Bb7 10. Ng5 Bxd5 11. dxc4 Bb7 12. Ra3 Be7 13. Qh5 g6 14. Qh6 Bf6
15. c5 Qd7 16. Rf3 Bxf3 17. gxf3 Qa4 18. Bc4 Qxb4+ 19. Bd2 Qxc4 20. Nxh7 Be7 21.
Rg1 Rb8 22. Qg7 Kd7 23. Rg4 Qxc5 24. Qxf7 Qc2 25. Bg5 Qb1+ 26. Ke2 Rxb2+ 27. Ke3
Qe1+ 28. Kd3 Qf1+ 29. Kc3 Rxf2 30. Nf8+ Rxf8 31. Qxe7+ Kc6 32. Be3 Qe1+ 33. Kd3
R8xf3 34. Qe8+ Kb7 35. Qb5+ Kc8 36. Qa6+ Kd8 37. Qxa7 Qb1+ 38. Kc4 Qc2+ 39. Kd5
Qb3+ 40. Ke4 Qc4+ 41. Bd4 Qc6# 0-1

[Event "War Horse"]
[Site "http://www.queenalice.com/game.php?id=1061368"]
[Date "2012.5.19"]
[Round "-"]
[White "Horse"]
[Black "Undecided"]
[Result "1/2-1/2"]
[WhiteElo "1556"]
[BlackElo "1760"]

1. e4 g6 2. Nf3 c6 3. d4 e6 4. Nc3 Qa5 5. Bd2 Na6 6. a3 Nf6 7. h3 d5 8. e5 Nd7
9. g4 Nb6 10. b4 Nxb4 11. axb4 Qxb4 12. Na2 Qe7 13. Nc3 h6 14. Bd3 Bg7 15. O-O
c5 16. Be3 c4 17. Be2 Bd7 18. Qb1 O-O 19. Bc1 Rfe8 20. Ba3 Qd8 21. Bd6 f6 22.
exf6 Bxf6 23. Be5 Bg7 24. Qb4 Kh7 25. Kg2 Kh8 26. Rh1 Kg8 27. Ra5 Nc8 28. Qxb7
Qxa5 29. Qxd7 Re7 30. Qc6 Nb6 31. Rb1 Qxc3 32. Rc1 Qb2 33. Re1 Qxc2 34. Bd6 Rc8
35. Qb5 Rf7 36. Qa6 Qe4 37. Qa3 Bxd4 38. Bd1 Qb1 39. Nxd4 Qd3 40. Nxe6 Qxa3 41.
Bxa3 c3 42. Bc2 Kh7 43. Bb4 Rf6 44. Re2 Rc4 45. Be7 Rf7 46. Bf8 a5 47. Ba3 a4
48. Re5 Rf6 49. Rh5 Rxe6 50. Bc1 Kg7 51. Rxh6 Rf6 52. g5 Re6 53. Kg3 d4 54. Rh4
Re1 55. Ba3 Re5 56. Rg4 Rc8 57. Rxd4 Rxg5+ 58. Kh2 Rh5 59. Rb4 Rc6 60. Re4 Nc4
61. Bb4 Nd2 62. Re7+ Kh6 63. Bxa4 c2 64. Bxd2+ g5 65. Bxc6 Rh4 66. Re6+ Kg7 67.
Be4 Kf7 68. Re5 Kf6 69. Rf5+ Ke6 70. Bxc2 g4 71. Rg5 Rxh3+ 72. Kg2 Rh4 73. Bf5+
Kf6 74. Bc8 Rh8 75. Bxg4 Rh4 76. f3 Rh7 77. Rb5 Re7 78. Bc3+ Kg6 79. Bh5+ Kh7
80. Rf5 Kh6 81. Bd2+ Kg7 82. Rg5+ Kf6 83. Rg6+ Kf5 84. Rg5+ Kf6 85. Kf2 Rd7 86.
Bf4 Ke6 87. Re5+ Kf6 88. Bg5+ Kxe5 89. Bf4+ Kxf4 90. Ke2 Kg5 91. Bg4 Rd4 92. Ke3
Rd1 93. Ke4 Re1+ 94. Kd4 Kf4 95. Kd5 Rd1+ 96. Ke6 Rd3 97. Kf6 Re3 98. Kg6 Re5
99. Kf6 Ra5 100. Kf7 Ra6 101. Kg7 Kg5 102. Kf7 Kh6 103. Be6 Kg5 104. Bd5 Kf4
105. Ke7 Ke5 106. Be4 Ra7+ 107. Kf8 Ke6 108. Kg8 Ke5 109. Bg6 Kf6 110. Be8 Ra3
111. Bc6 Rd3 112. Kf8 Rc3 113. Bb7 Rd3 114. Ke8 Ke6 115. Be4 Rd6 116. f4 Rd4
117. f5+ Kf6 118. Bc6 Kxf5 119. Bd7+ Ke5 120. Ke7 Re4 121. Kf7 Kf4 122. Kf6 Re5
123. Be6 Ra5 124. Bd7 Ra6+ 125. Be6 Rc6 126. Kf7 Rc7+ 127. Kf6 Rc6 128. Ke7 Ke5
129. Bd7 Rc7 130. Ke8 Kd6 131. Bg4 Rg7 132. Bh5 Rg5 133. Bf7 Re5+ 134. Kf8 Rg5
135. Bg8 Kd7 136. Bf7 Rg1 137. Bg8 Kd6 138. Kf7 Ke5 139. Bh7 Rg4 140. Bg6 Rf4+
141. Kg7 Rg4 142. Kf7 Rh4 143. Bc2 Kd4 144. Kf6 Kc3 145. Kg5 Rh2 146. Bf5 Rh8
147. Kf4 Kd4 148. Kf3 Rh4 149. Bg4 Ke5 150. Bd7 Re4 151. Bc6 Re1 152. Kg4 Kf6
153. Kf4 Re5 154. Be4 Rg5 155. Bd3 Rg1 156. Ke4 Re1+ 157. Kf4 Re5 158. Be4 Rg5
159. Bf3 Re5 160. Be4 Rg5 1/2-1/2

[Event "Play it again Stan!"]
[Site "http://www.queenalice.com/game.php?id=1070783"]
[Date "2012.6.11"]
[Round "-"]
[White "Horse"]
[Black "CzechMate"]
[Result "1-0"]
[WhiteElo "1526"]
[BlackElo "1100"]

1. e4 Nf6 2. Nc3 c6 3. d3 Qa5 4. Nf3 Ng4 5. Qd2 g6 6. h3 Qh5 7. h4 f6 8. g3 e5
9. Be2 Bc5 10. d4 Bxd4 11. Nxd4 exd4 12. Qxd4 Qa5 13. Bxg4 O-O 14. Bh6 Qe5 15.
Qa4 Re8 16. O-O-O b5 17. Qb4 Na6 18. Qb3+ d5 19. exd5 Bxg4 20. dxc6+ Be6 21. Nd5
Nc5 22. Qf3 Rad8 23. Nxf6+ Kf7 24. Nxe8+ Qf5 25. Qc3 Kxe8 26. Qh8+ Kf7 27. Rxd8
g5 28. Qg7# 1-0

[Event "The Wild Man of Borneo"]
[Site "http://www.queenalice.com/game.php?id=1081544"]
[Date "2012.7.11"]
[Round "-"]
[White "CzechMate"]
[Black "Horse"]
[Result "0-1"]
[WhiteElo "1100"]
[BlackElo "1571"]

1. Nf3 e6 2. e4 Nc6 3. d4 d5 4. exd5 exd5 5. Ng5 Nf6 6. Nc3 g6 7. Nb5 h6 8. Nf3
Qe7+ 9. Ne5 Nxe5 10. dxe5 Qxe5+ 11. Be2 c6 12. f4 Qe4 13. Nc7+ Kd8 14. Nxa8 Qxg2
15. Kd2 Qf2 16. Qe1 Qxf4+ 17. Kd1 Qe4 18. Rf1 Qe5 19. Qa5+ b6 20. Bf4 Qd4+ 21.
Bd3 bxa5 22. Bc7+ Ke8 23. Kd2 Ne4+ 24. Ke2 Bg4+ 25. Rf3 Bxf3+ 26. Kxf3 Qf2+ 27.
Kg4 h5+ 28. Kh3 Ng5# 0-1

[Event "The Stirrup Cup"]
[Site "http://www.queenalice.com/game.php?id=1090015"]
[Date "2012.8.3"]
[Round "-"]
[White "Horse"]
[Black "Undecided"]
[Result "1-0"]
[WhiteElo "1571"]
[BlackElo "1762"]

1. e4 e6 2. Nc3 Nc6 3. Nf3 Nf6 4. a3 Nh5 5. d3 e5 6. g3 d6 7. Ng5 g6 8. Nd5 f6
9. Nh3 Be6 10. g4 Ng7 11. f3 g5 12. Be3 h5 13. Qe2 hxg4 14. fxg4 Rh4 15. Rg1 Na5
16. O-O-O Bd7 17. d4 c6 18. Nc3 c5 19. dxc5 dxc5 20. Qf3 Be7 21. Nd5 Ne6 22. Qf5
Rh6 23. b3 Nc6 24. Qf2 Qa5 25. a4 Qd8 26. c3 Bd6 27. Rg3 Na5 28. Qc2 Nc7 29. Be2
Qb8 30. Bg1 b5 31. b4 c4 32. bxa5 Ba3+ 33. Kd2 Nxd5 34. exd5 Qb7 35. Qe4 Rd8 36.
Nxg5 Bc6 37. Ke1 Bxd5 38. Qf5 bxa4 39. Rb1 Qe7 40. Bd1 Qd7 41. Qxd7+ Kxd7 42.
Bxa4+ Kc8 43. Nf3 a6 44. g5 Rg6 45. Rh3 fxg5 46. Bc2 e4 47. Nd2 Re6 48. Ba7 Bd6
49. Bd1 Re7 50. Bg4+ Be6 51. Bxe6+ Rxe6 52. Rh5 g4 53. Nxc4 Bf4 54. Bf2 Rc6 55.
Rb4 Kc7 56. Bb6+ Kc8 57. Bxd8 Kxd8 58. Rh7 Bc7 59. Ke2 Re6 60. Rb7 Bf4 61. Nb6
Rh6 62. Rbd7+ Ke8 63. Rhe7+ Kf8 64. Rxe4 Rxh2+ 65. Kd3 Rd2+ 66. Kc4 Rf2 67. Nd5
Bb8 68. Rd8+ Kf7 69. Rxb8 g3 70. Rb7+ Kf8 71. Rg4 Rg2 72. Nf6 Rh2 73. Rg8# 1-0

[Event "The torture never stops"]
[Site "http://www.queenalice.com/game.php?id=1104866"]
[Date "2012.9.20"]
[Round "-"]
[White "Horse"]
[Black "CzechMate"]
[Result "0-1"]
[WhiteElo "1593"]
[BlackElo "1100"]

1. e4 a5 2. Nc3 Ra6 3. d4 Nf6 4. Nf3 d6 5. Qd3 Nc6 6. a3 e5 7. dxe5 dxe5 8. Be3
Rb6 9. Ra2 Be6 10. b3 Nd4 11. Nxe5 c5 12. Qd1 Bg4 13. f3 Bh5 14. a4 c4 15. Bxc4
Bb4 16. Bd2 Re6 17. Bb5+ Nc6 18. Bxc6+ bxc6 19. Nc4 g5 20. O-O Bc5+ 21. Ne3 Rd6
22. Rf2 Bxe3 23. Bxe3 Rxd1+ 24. Nxd1 Qxd1+ 25. Rf1 Qe2 26. Bxg5 Rg8 27. h4 h6
28. Rf2 Qd1+ 29. Rf1 Qd4+ 30. Kh2 hxg5 31. hxg5 Qe5+ 32. Kh3 Qxg5 33. f4 Qg3#
0-1

[Event "Horse on 7th Ave"]
[Site "http://www.queenalice.com/game.php?id=1121441"]
[Date "2012.11.12"]
[Round "-"]
[White "Undecided"]
[Black "Horse"]
[Result "1-0"]
[WhiteElo "1762"]
[BlackElo "1608"]

1. Nc3 d5 2. e4 Nf6 3. exd5 Nxd5 4. Qf3 c6 5. d3 e5 6. Qg3 f6 7. Be2 Bc5 8. Qxg7
Qe7 9. Qxh8+ Kd7 10. Bg4+ Kd6 11. Qxc8 Bd4 12. Ne4# 1-0

[Event "Back in the Saddle Again"]
[Site "http://www.queenalice.com/game.php?id=1123142"]
[Date "2012.11.17"]
[Round "-"]
[White "Undecided"]
[Black "Horse"]
[Result "1-0"]
[WhiteElo "1774"]
[BlackElo "1593"]

1. e4 e5 2. Qh5 Nc6 3. Nc3 Nf6 4. Qg5 d6 5. Bb5 h6 6. Qe3 Be6 7. Nf3 a6 8. Ba4
Be7 9. b3 O-O 10. Rb1 d5 11. exd5 Bxd5 12. O-O e4 13. Nd4 Bc5 14. Nxc6 Qd6 15.
Nd4 c6 16. Qg3 Qe7 17. Nf5 Qd7 18. Qxg7# 1-0

[Event "Bring on the Dancing Horses"]
[Site "http://www.queenalice.com/game.php?id=1138882"]
[Date "2013.1.9"]
[Round "-"]
[White "Undecided"]
[Black "Horse"]
[Result "1-0"]
[WhiteElo "1787"]
[BlackElo "1582"]

1. d3 Nf6 2. c3 c6 3. Na3 Qa5 4. e3 d6 5. Nf3 Bg4 6. Qb3 b6 7. Qc4 Qh5 8. d4 e6
9. h3 Bf5 10. Be2 Ne4 11. Ne5 Qg5 12. Ng4 h5 13. h4 Qg6 14. b4 hxg4 15. b5 d5
16. Qb3 g3 17. f4 Nf2 18. Rf1 Nd3+ 19. Kd2 Rxh4 20. bxc6 Nxc1 21. Raxc1 Nxc6 22.
Qa4 Rc8 23. Bb5 e5 24. dxe5 Rh2 25. Rg1 Be4 26. Bf1 Bxa3 27. Qxa3 Qg4 28. Qa4 g5
29. fxg5 Qe6 30. Qa6 Nxe5 31. Kd1 Qg4+ 32. Be2 Kf8 33. Bxg4 Rd8 34. Qa3+ Ke8 35.
Bh3 Bf3+ 36. Kc2 Nc4 37. Qa4+ Kf8 38. Qxa7 Be4+ 39. Kb3 Na5+ 40. Ka4 Nc4 41.
Rcf1 f5 42. Re1 Bc2+ 43. Kb5 Rc8 44. g6 Kg8 45. Qf7+ Kh8 46. Qh7# 1-0

[Event "The Christmas leftovers"]
[Site "http://www.queenalice.com/game.php?id=1139130"]
[Date "2013.1.10"]
[Round "-"]
[White "CzechMate"]
[Black "Horse"]
[Result "0-1"]
[WhiteElo "1100"]
[BlackElo "1582"]

1. e4 Nf6 2. d3 e5 3. Nf3 Bb4+ 4. c3 Bc5 5. Bg5 d6 6. d4 exd4 7. cxd4 Bb4+ 8.
Nfd2 Qd7 9. Qc2 Bxd2+ 10. Nxd2 Qe7 11. Qa4+ Bd7 12. Qb4 b6 13. Rc1 c5 14. dxc5
dxc5 15. Rxc5 Nc6 16. Re5 Qxe5 17. Nf3 Qxg5 18. e5 Qc1+ 19. Ke2 Nxb4 20. exf6
Bb5# 0-1

[Event "Alzheimer's Revenge"]
[Site "http://www.queenalice.com/game.php?id=1151810"]
[Date "2013.2.14"]
[Round "-"]
[White "CzechMate"]
[Black "Horse"]
[Result "1-0"]
[WhiteElo "1100"]
[BlackElo "1601"]

1. e4 e5 2. Nf3 d6 3. Bc4 Qf6 4. O-O Qg6 5. Nh4 Qf6 6. Nf5 Bxf5 7. exf5 Qxf5 8.
Qf3 Qf4 9. d4 Qf6 10. Qxb7 Qd8 11. Qxa8 Nc6 12. Qxc6+ Qd7 13. Bxf7+ Ke7 14. Bg5+
Nf6 15. Qc4 h6 16. Bh4 g5 17. Bg3 Rh7 18. Qe6+ Qxe6 19. Bxe6 Kxe6 20. Re1 e4 21.
d5+ Kxd5 22. Nc3+ Kd4 23. Rad1+ Kc4 24. Nxe4 Nd5 25. b3+ Kb5 26. Rxd5+ c5 27. b4
Kxb4 28. Rb1+ Kc4 29. Rf5 Bg7 30. Nxd6+ Kd4 31. Rd1+ Kc3 32. Rxc5+ Kb4 33. Rc7
h5 34. Rb1+ Bb2 35. Rxh7 Kc3 36. Rc7+ Kd4 37. Rxb2 h4 38. Rb4+ Kd5 39. Rb5+ Ke6
40. Be5 a6 41. Ra5 g4 42. f4 gxf3 43. gxf3 h3 44. Rac5 a5 45. f4 a4 46. f5# 1-0

[Event "Findus Lasagne"]
[Site "http://www.queenalice.com/game.php?id=1173151"]
[Date "2013.4.19"]
[Round "-"]
[White "Undecided"]
[Black "Horse"]
[Result "0-1"]
[WhiteElo "1797"]
[BlackElo "1572"]

1. b3 Nc6 2. e3 e5 3. g3 d5 4. Nf3 Bg4 5. d3 Qf6 6. Bg2 e4 7. d4 exf3 8. Bf1 a6
9. a3 Qe6 10. c4 Qe4 11. Nc3 Qe7 12. Nxd5 Qd6 13. Qc2 f5 14. h3 Qh6 15. Nxc7+
Kd8 16. Nxa8 Nge7 17. Nb6 Nxd4 18. exd4 Qxb6 19. hxg4 Qxd4 20. Ra2 fxg4 21. Be3
Qe5 22. Qd3+ Ke8 23. Rh4 h5 24. a4 Qa5+ 25. Bd2 Qe5+ 26. Kd1 Nc6 27. Qg6+ Ke7
28. Bg5+ Kd7 29. Qd3+ Nd4 30. Qd2 a5 31. Qe3 Bd6 32. Bd3 Nxb3 33. Qb6 Qxg5 34.
Qxb7+ Ke6 35. Qxb3 Qc5 36. Rh1 Rb8 37. Qc2 Qg5 38. Bg6 Rd8 39. Qe4+ Be5+ 40. Kc2
Qd2+ 41. Kb3 Qc3# 0-1

[Event "Champion the Wonder Horse"]
[Site "http://www.queenalice.com/game.php?id=1180056"]
[Date "2013.5.9"]
[Round "-"]
[White "Horse"]
[Black "Undecided"]
[Result "0-1"]
[WhiteElo "1601"]
[BlackElo "1797"]

1. Nf3 Nc6 2. c3 e6 3. Qa4 a6 4. d3 h6 5. Nbd2 b5 6. Qg4 Nf6 7. Qf4 Bd6 8. Qe3
Ng4 9. Qe4 f5 10. Qxf5 exf5 11. h4 Bc5 12. d4 Bb6 13. Nb3 d5 14. Ne5 Ncxe5 15.
dxe5 Bxf2+ 16. Kd1 Nxe5 17. Rh3 O-O 18. Bf4 Nc4 19. Rf3 Bxh4 20. Rd3 Nxb2+ 21.
Kc2 Nxd3 22. Kxd3 Bf6 23. Nc5 d4 24. Ne6 Bxe6 25. g3 Bc4+ 26. Kc2 dxc3 27. a4 b4
28. Rd1 b3+ 29. Kc1 b2+ 30. Kc2 Qe7 31. a5 Qe4+ 32. Rd3 Rad8 33. Bxc7 Rd5 34.
Bh3 Qxe2+ 35. Rd2 cxd2 36. Bf4 d1=Q# 0-1

[Event "The Ginger Menace"]
[Site "http://www.queenalice.com/game.php?id=1181951"]
[Date "2013.5.16"]
[Round "-"]
[White "CzechMate"]
[Black "Horse"]
[Result "0-1"]
[WhiteElo "1100"]
[BlackElo "1585"]

1. Nf3 e6 2. d4 c6 3. Nc3 b6 4. e4 Bb4 5. Ne5 d6 6. Nd3 Bxc3+ 7. bxc3 Nf6 8. Bg5
h6 9. Qh5 Nxh5 10. Bxd8 Kxd8 11. Be2 Nf6 12. O-O-O Nxe4 13. Bh5 Nxc3 14. Rde1 g6
15. Bg4 Nb5 16. c4 Nxd4 17. Bd1 Nd7 18. g4 g5 19. Rhf1 Nf6 20. h3 Ba6 21. Bb3 c5
22. f4 b5 23. cxb5 Bxb5 24. Rd1 c4 25. Bxc4 Bxc4 26. fxg5 Ne4 27. Rxf7 hxg5 28.
Nb2 Ne2+ 29. Kc2 Bxa2 30. Kd3 N2c3 31. Rc1 Rc8 32. Rxa7 Rxh3+ 33. Kc2 Nb5+ 34.
Kd1 Bb3+ 35. Ke2 Rh2+ 36. Ke3 Rxc1 37. Rb7 Rh3+ 38. Kxe4 Bd5# 0-1

[Event "Hi Ho Silver"]
[Site "http://www.queenalice.com/game.php?id=1183282"]
[Date "2013.5.21"]
[Round "-"]
[White "Undecided"]
[Black "Horse"]
[Result "1-0"]
[WhiteElo "1807"]
[BlackElo "1592"]

1. Nc3 e5 2. e3 Nc6 3. Nh3 f6 4. Qh5+ g6 5. Qf3 d6 6. Nd5 Be6 7. Nc3 f5 8. Qe2
Nf6 9. Ng5 Bd5 10. a3 Ne4 11. Nf3 Be6 12. d3 Nc5 13. d4 exd4 14. exd4 Ne4 15. d5
Bxd5 16. Nxd5 a6 17. g3 Ne5 18. Bg5 Nxg5 19. Nxg5 c6 20. Ne6 Qa5+ 21. Nc3 Bh6
22. b4 Qb6 23. Na4 Qa7 24. Nc7+ Ke7 25. Nxa8 Rxa8 26. f4 Qd4 27. Rd1 Qc4 28.
fxe5 Qxe2+ 29. Bxe2 dxe5 30. Nc5 b6 31. Nd7 e4 32. Nxb6 Rb8 33. Na4 c5 34. Nxc5
a5 35. Na6 Rb6 36. bxa5 Rb2 37. Nb4 Bg7 38. a6 Bc3+ 39. Kf2 e3+ 40. Kxe3 Bxb4
41. axb4 Rxc2 42. Ra1 Rc8 43. b5 g5 44. a7 f4+ 45. gxf4 Rc3+ 46. Kd2 Rc8 47.
fxg5 Rd8+ 48. Ke3 Kd6 49. Rhd1+ Kc7 50. Rxd8 Kxd8 51. a8=Q+ Kd7 52. Qd5+ Ke7 53.
Ra7+ Kf8 54. Qd8# 1-0

[Event "Horseplay"]
[Site "http://www.queenalice.com/game.php?id=1196994"]
[Date "2013.7.4"]
[Round "-"]
[White "Undecided"]
[Black "Horse"]
[Result "0-1"]
[WhiteElo "1818"]
[BlackElo "1587"]

1. Nc3 e5 2. d3 d6 3. Ne4 c6 4. Be3 Nf6 5. Bg5 Nbd7 6. c4 h6 7. Bh4 d5 8. cxd5
Bb4+ 9. Nd2 cxd5 10. Qb3 Bxd2+ 11. Kxd2 Ne4+ 12. dxe4 Qxh4 13. g3 Qxe4 14. f3
Qd4+ 15. Ke1 Qb6 16. Qa3 Nf6 17. Rc1 Bd7 18. Qc3 O-O 19. Qxe5 Qa5+ 20. Qc3 Qxa2
21. e4 Rac8 22. Qd2 Rxc1+ 23. Qxc1 Rc8 24. Qd2 Qb1+ 25. Kf2 Rc2 26. Qe2 dxe4 27.
Bg2 Bb5 28. fxe4 Ng4+ 29. Kf3 Rxe2 30. Nxe2 Qd3+ 31. Kxg4 Bd7+ 32. Kf4 g5+ 33.
Ke5 Qxe2 34. Bf1 Qxb2+ 35. Kd5 Bc6+ 36. Kc4 b5+ 37. Kd3 Qb3+ 38. Ke2 Bxe4 39.
Rg1 b4 40. Bg2 Qc2+ 41. Kf1 Bd3+ 42. Ke1 Qe2# 0-1

[Event "Equine-20"]
[Site "http://www.queenalice.com/game.php?id=1604207"]
[Date "2020.3.25"]
[Round "-"]
[White "Undecided"]
[Black "Horse"]
[Result "1-0"]
[WhiteElo "1793"]
[BlackElo "1612"]

1. e3 e5 2. Qh5 d6 3. Bb5+ Nc6 4. Nf3 Nf6 5. Qh4 a6 6. Ba4 Be6 7. e4 b5 8. Bb3
d5 9. d3 Bb4+ 10. c3 Bc5 11. Bg5 Be7 12. Na3 dxe4 13. dxe4 b4 14. Rd1 Qb8 15.
cxb4 Qxb4+ 16. Bd2 Qb6 17. Ba4 Bc5 18. Bc1 Bg4 19. O-O O-O 20. Rde1 Rad8 21. Nc4
Qb7 22. Bh6 Bxf3 23. gxf3 Rd4 24. Bb3 Qb4 25. Qg5 g6 26. Qxf6 Qxe1 27. Qg7# 1-0

[Event "The Easter Pony"]
[Site "http://www.queenalice.com/game.php?id=1607452"]
[Date "2020.4.14"]
[Round "-"]
[White "Undecided"]
[Black "Horse"]
[Result "1/2-1/2"]
[WhiteElo "1802"]
[BlackElo "1594"]

1. Nc3 e5 2. Nf3 Nc6 3. d3 f6 4. Bd2 Nge7 5. e3 d6 6. a4 Nb4 7. Nb5 Nbc6 8. Nh4
h5 9. d4 d5 10. c4 a6 11. Na3 Qd6 12. Be2 Bg4 13. b4 g5 14. Nf3 e4 15. Ng1 Qe6
16. h3 f5 17. hxg4 fxg4 18. b5 Nb8 19. Qb3 h4 20. c5 h3 21. gxh3 gxh3 22. bxa6
Nxa6 23. Rxh3 Rxh3 24. Nxh3 Qxh3 25. Qxb7 Qc8 26. Qb5+ c6 27. Bh5+ Kd8 28. Qe2
Nc7 29. Qg4 Qxg4 30. Bxg4 Rxa4 31. Nc2 Rxa1+ 32. Nxa1 Nb5 33. Nb3 Bg7 34. Na5
Bxd4 35. Nb7+ Kc7 36. Nd6 Bxc5 37. Nxb5+ cxb5 38. Ba5+ Kc6 39. Bd8 Kd6 40. Kd1
b4 41. Kc1 d4 42. exd4 Bxd4 43. Kc2 Bxf2 44. Kb3 Bh4 45. Bh3 e3 46. Bg4 Nc6 47.
Bb6 Ne5 48. Bh5 g4 49. Bxe3 Be1 50. Bf4 Kd5 51. Bxe5 Kxe5 52. Bxg4 Kd4 53. Be6
Bd2 54. Bf7 Kc5 55. Be8 Kd5 1/2-1/2

[Event "Challenge"]
[Site "http://www.queenalice.com/game.php?id=1610406"]
[Date "2020.5.2"]
[Round "-"]
[White "MADMIKE"]
[Black "Horse"]
[Result "1-0"]
[WhiteElo "1772"]
[BlackElo "1603"]

1. d4 e6 2. e4 b6 3. Nf3 Bb4+ 4. c3 Bd6 5. e5 Be7 6. Be2 Nh6 7. Bxh6 gxh6 8. O-O
Bg5 9. Nxg5 Qxg5 10. f4 Qf5 11. Bd3 Qxd3 12. Qxd3 Bb7 13. c4 Nc6 14. a3 O-O-O
15. b4 Ne7 16. Nc3 Nf5 17. a4 Rhg8 18. Ra2 d6 19. exd6 Rxd6 20. d5 Nh4 21. Qxh7
Rdd8 22. Qxf7 Rg6 23. Nb5 Rxg2+ 24. Rxg2 Nxg2 25. Qxc7# 1-0

[Event "H"]
[Site "http://www.queenalice.com/game.php?id=1611533"]
[Date "2020.5.10"]
[Round "-"]
[White "Horse"]
[Black "Undecided"]
[Result "0-1"]
[WhiteElo "1602"]
[BlackElo "1794"]

1. e3 Nc6 2. c3 e5 3. Na3 Nf6 4. Qa4 d5 5. Bb5 Bd7 6. c4 Nb4 7. cxd5 Nfxd5 8.
Qb3 c6 9. Bd3 Be6 10. Nc4 Qg5 11. g3 b5 12. Na5 Nb6 13. Qc3 Na4 14. Nf3 Qf6 15.
Qxe5 Nxd3+ 16. Kf1 Nxe5 17. Nd4 Bh3+ 18. Ke1 Nd3+ 19. Kd1 Nxf2+ 20. Kc2 Qg6+ 21.
Kb3 Qd3# 0-1

[Event "The Long Face"]
[Site "http://www.queenalice.com/game.php?id=1613593"]
[Date "2020.5.24"]
[Round "-"]
[White "Undecided"]
[Black "Horse"]
[Result "1-0"]
[WhiteElo "1802"]
[BlackElo "1594"]

1. e4 Nf6 2. e5 Nd5 3. Qf3 f6 4. Qxd5 e6 5. Qe4 Nc6 6. f4 f5 7. Qc4 d6 8. Nf3
Na5 9. Qa4+ c6 10. b4 b5 11. Qa3 Nc4 12. Qc3 c5 13. Na3 cxb4 14. Qxb4 a6 15.
Nxc4 dxe5 16. Qc3 Qd5 17. Ncxe5 Qe4+ 18. Kd1 Bd6 19. Nc6 Rg8 20. d4 Bb7 21. Na5
Rc8 22. Qd3 Bd5 23. a4 Bc4 24. Qxe4 fxe4 25. Ng5 Bd5 26. Nxh7 Rf8 27. Nxf8 Kxf8
28. axb5 Bb4 29. bxa6 e3 30. Bxe3 Be4 31. Ra2 Kf7 32. Nc4 Ra8 33. Ra4 Bc3 34.
Nd6+ Ke7 35. Nxe4 Bb2 36. Ra2 g6 37. Rxb2 Ra7 38. Rb7+ Rxb7 39. axb7 Kd7 40.
b8=Q Ke7 41. Qb7+ Kd8 42. d5 exd5 43. Qxd5+ Kc7 44. Qf7+ Kc6 45. Qxg6+ Kd5 46.
Nc3# 1-0

[Event "Pegasus"]
[Site "http://www.queenalice.com/game.php?id=1619263"]
[Date "2020.7.4"]
[Round "-"]
[White "Undecided"]
[Black "Horse"]
[Result "1-0"]
[WhiteElo "1810"]
[BlackElo "1586"]

1. e3 Nf6 2. Bc4 d5 3. Bb3 Bg4 4. f3 Bd7 5. c4 e6 6. Nc3 Bc6 7. Nh3 Nbd7 8. f4
Nc5 9. Qe2 h6 10. Bc2 Bd6 11. b4 Nce4 12. a3 h5 13. b5 Bd7 14. a4 Ng4 15. cxd5
Qh4+ 16. Kf1 f5 17. dxe6 Bxe6 18. Nxe4 fxe4 19. Bxe4 Qf6 20. d4 Rb8 21. Bd2 c5
22. Bc3 Bf5 23. Bd5 Qg6 24. e4 cxd4 25. Bxd4 Bxe4 26. Bxe4 Qf7 27. Bg6+ Be7 28.
Bxf7+ Kxf7 29. Qc4+ Kg6 30. Qe6+ Bf6 31. Bxa7 Rhe8 32. Qb6 Ne3+ 33. Kf2 Nd5 34.
Qd6 Rbd8 35. Qc5 h4 36. Rae1 Kf5 37. Qc2+ Kg4 38. Qg6+ Bg5 39. Qxg5# 1-0

[Event "Centaur"]
[Site "http://www.queenalice.com/game.php?id=1629359"]
[Date "2020.10.9"]
[Round "-"]
[White "Undecided"]
[Black "Horse"]
[Result "1-0"]
[WhiteElo "1817"]
[BlackElo "1579"]

1. c3 Nc6 2. e3 e5 3. Qf3 Nf6 4. Bc4 d6 5. h3 e4 6. Qd1 d5 7. Bf1 Ne5 8. f4 exf3
9. gxf3 Bd7 10. f4 Ng6 11. Na3 Ne4 12. Nf3 Nh4 13. Ne5 Nf6 14. Rg1 c5 15. c4 d4
16. exd4 g6 17. d5 Bh6 18. d3 Qa5+ 19. Bd2 Qa6 20. Nc2 Qb6 21. b3 Bf5 22. Na3
Nxd5 23. b4 Nxb4 24. Rb1 Qa6 25. Nb5 Rc8 26. Bxb4 Qxa2 27. Bd2 O-O 28. Ra1 Qb2
29. Bg2 a6 30. Rb1 Qa2 31. Nc3 Qa5 32. Rxb7 Bxd3 33. Nxd3 Qd8 34. Bd5 Rb8 35.
Ra7 g5 36. Rxa6 Rb6 37. Rxb6 Qxb6 38. Ne2 Re8 39. Ne5 Rxe5 40. fxe5 Qb8 41. Bc3
Nf5 42. Qd3 Qc8 43. Rf1 Ng3 44. Qxg3 Qe8 45. h4 Bg7 46. Qxg5 Kf8 47. e6 Qe7 48.
Rxf7+ Qxf7 49. exf7 h6 50. Qd8# 1-0